000 00504 a2200145 4500
005 20250609093040.0
020 _a0-7614-7430-7
082 _aREF 338.003 BUS
245 _aBusiness and Industry
260 _aNew York,
_bMarshall Cavendish
_c2004.
300 _a1440p.: ill.; picture, table.
_bBibliographical references, Glossary, index.
_c29cm.
700 _aCHILDS, W. R, MARTIN, S. B. & GOHDES, W. S.
856 _yAccess online book
_fBusiness and Industry
_dwww.marshallcavendish.com
942 _2ddc
_cBKS
999 _c3485
_d3485